Фильмы с Арнольдом Шварценеггером - Армагеддон - Statistics

General Stats
  • This quiz has been taken 36 times
  • The average score is 12 of 20
Answers on the Grid
Answers color-coded by a green-red scale on the quiz's grid according to % correct below.
Астронавт
К-19
Роман с камнем
Хищник
Правдивая ложь
Стиратель
Яд
И грянул гром
Удачи, Чак
Покровитель
Джуниор
Конвоиры
Угонщик самолётов
Бэтмен и Робин
Последний герой боевиков
Ночной народ
Терминатор
Костолом
Вспомнить всё
Неудержимые 3
Бэтмен навсегда
Мёртвая зона
Жизнь во время войны
Конан-разрушитель
Огнеупорный
Детсадовский полицейский
Шестой день
В плену у призраков
Спаун
Вулкан
Коммандо
Рыжая Соня
Последствия
Идеальный шторм
План побега
Близнецы
Конан-варвар
Пуленепробиваемый
Бегущий человек
Красная жара
 
Answer Stats
Answer % Correct
Терминатор
88%
Хищник
84%
Коммандо
80%
Красная жара
80%
Конан-варвар
76%
Неудержимые 3
76%
Близнецы
72%
Вспомнить всё
68%
Конан-разрушитель
68%
Детсадовский полицейский
68%
Рыжая Соня
64%
Правдивая ложь
60%
Джуниор
60%
Последний герой боевиков
60%
Бегущий человек
56%
Шестой день
48%
Бэтмен и Робин
44%
План побега
40%
Стиратель
36%
Последствия
16%
No matching quizzes found
Score Distribution
Percent of People with Each Score
Percentile by Number Answered
Your Score History
You have not taken this quiz